Harimau yang melanggar peraturan

Bibliographic Details
Main Author: Noraini Mohd Yusof
Format: Book
Published: Kuala Lumpur : Agents' Digest (M) Sdn Bhd , 19__
Subjects:

MARC

LEADER 00000cam a2200000 7i4500
001 0000007075
002 000007613
005 20000330.0
020 |a 9837100117 
090 0 0 |a JF   |b NOR 
100 0 |a Noraini Mohd Yusof 
245 1 0 |a Harimau yang melanggar peraturan   |c Noraini Mohd Yusof 
260 |a Kuala Lumpur :   |b Agents' Digest (M) Sdn Bhd ,   |c 19__ 
300 |a 20p. :   |b ill. ;   |c 21cm. 
650 0 0 |a Children's stories, Malay 
999 |a 022889   |b BUKU   |c PINJAMAN   |e PERPUSTAKAAN KOMUNITI PETALING JAYA